书目信息 |
| 题名: |
代数方程与置换群
|
|
| 作者: | 李世雄 著 | |
| 分册: | ||
| 出版信息: | 上海 上海教育出版社 1981 |
|
| 页数: | 93页 | |
| 开本: | 19cm | |
| 丛书名: | ||
| 单 册: | ||
| 中图分类: | O151.1 , O152.1 | |
| 科图分类: | ||
| 主题词: | 代数方程 , 置换群 | |
| 电子资源: | ||
| ISBN: | ||
| 000 | 00657nam0 2200253 45 | |
| 001 | 0181010150 | |
| 005 | 20070706142355.10 | |
| 010 | @dCNY0.27 | |
| 091 | @aCN@b7150.2371 | |
| 100 | @a19950425d1981 emky0chiy0121 ea | |
| 101 | 0 | @achi |
| 102 | @aCN@b310000 | |
| 105 | @ay z 000yy | |
| 200 | 10 | @a代数方程与置换群@Adai shu fang cheng yu zhi huan qun@f李世雄著 |
| 210 | @a上海@c上海教育出版社@d1981 | |
| 215 | @a93页@d19cm | |
| 606 | @a代数方程 | |
| 606 | @a置换群 | |
| 690 | @aO151.1@v3 | |
| 690 | @aO152.1@v3 | |
| 701 | 0 | @a李世雄@Ali shi xiong@4著 |
| 801 | 0 | @aCN@bTSSF@c20070706 |
| 801 | 2 | @aCN@bNLC@c20060726 |
| 905 | @a10447@dO151.1@e214 | |
| 代数方程与置换群/李世雄著.-上海:上海教育出版社,1981 |
| 93页;19cm |
| ISBN :CNY0.27 |
| ● |
| 相关链接 |
|
|
|
|
正题名:代数方程与置换群
索取号:O151.1/214
 
预约/预借
| 序号 | 登录号 | 条形码 | 馆藏地/架位号 | 状态 | 备注 |
| 1 | 0431899 | 204318997 | 密集书库/ [索取号:O151.1/214] | 在馆 | |
| 2 | 0766951 | 207669511 | 密集书库/ [索取号:O151.1/214] | 在馆 |